Laporan Tahunan Stesen Kastam KLIA Sepang . (Record no. 4604)

000 -LEADER
fixed length control field nas a22 a 4500
003 - CONTROL NUMBER IDENTIFIER
control field AKMAL
005 - DATE AND TIME OF LATEST TRANSACTION
control field 20170605122413.0
008 - FIXED-LENGTH DATA ELEMENTS--GENERAL INFORMATION
fixed length control field 170605c19999999my ar p 0 a|may |
040 ## - CATALOGING SOURCE
Original cataloging agency AKMAL
049 00 - LOCAL HOLDINGS (OCLC)
Holding library AKMAL
110 2# - MAIN ENTRY--CORPORATE NAME
Corporate name or jurisdiction name as entry element Wilayah Persekutuan
Subordinate unit Kastam Diraja Malaysia
9 (RLIN) 8863
245 00 - TITLE STATEMENT
Title Laporan Tahunan Stesen Kastam KLIA Sepang .
260 3# - PUBLICATION, DISTRIBUTION, ETC.
Place of publication, distribution, etc. Sepang:
Name of publisher, distributor, etc. Kastam Diraja Malaysia Wilayah Persekutuan,
Date of publication, distribution, etc. 1999-
300 ## - PHYSICAL DESCRIPTION
Extent j.:
Other physical details il. wrn.;
Dimensions 30cm
310 ## - CURRENT PUBLICATION FREQUENCY
Current publication frequency Tahunan
500 ## - GENERAL NOTE
General note Huraian berdasarkan: 1999-
650 10 - SUBJECT ADDED ENTRY--TOPICAL TERM
Topical term or geographic name entry element Custom administration
Geographic subdivision Wilayah Persekutuan
Form subdivision Periodicals
9 (RLIN) 8864
650 20 - SUBJECT ADDED ENTRY--TOPICAL TERM
Topical term or geographic name entry element House organs
Geographic subdivision Wilayah Persekutuan
Form subdivision Periodicals
9 (RLIN) 8865
942 ## - ADDED ENTRY ELEMENTS (KOHA)
Source of classification or shelving scheme
Koha item type Periodicals
Holdings
Withdrawn status Lost status Source of classification or shelving scheme Damaged status Not for loan Collection code Home library Current library Shelving location Date acquired Inventory number Total Checkouts Barcode Date last seen Price effective from Koha item type
          NON-FICTION AKMAL Melaka AKMAL Melaka PINJAMAN 05.06.2017 000067(1999)   201707587 05.06.2017 05.06.2017 Periodicals
          NON-FICTION AKMAL Melaka AKMAL Melaka PINJAMAN 05.06.2017 000087(2000)   201707588 05.06.2017 05.06.2017 Periodicals
          NON-FICTION AKMAL Melaka AKMAL Melaka PINJAMAN 05.06.2017 000104(2001)   201707589 05.06.2017 05.06.2017 Periodicals
Pusat Sumber Maklumat Dato' Haji Sarmin Md Hussin, Akademi Kastam Diraja Malaysia, Melaka
Tel: 06-2331106 | Faks: 06-2313787